Online
Catalog

Padre Nuestro / (Record no. 59530)

MARC details
000 -CABECERA
campo de control de longitud fija 01571nam a2200313 i 4500
003 - IDENTIFICADOR DEL NÚMERO DE CONTROL
campo de control DO-SdBNP
005 - FECHA Y HORA DE LA ÚLTIMA TRANSACCIÓN
campo de control 20250714133415.0
007 - CAMPO FIJO DE DESCRIPCIÓN FÍSICA--INFORMACIÓN GENERAL
campo de control de longitud fija ta
008 - DATOS DE LONGITUD FIJA--INFORMACIÓN GENERAL
campo de control de longitud fija 250714b2025 dr ||||| |||| 00| 0 spa d
020 ## - NÚMERO INTERNACIONAL ESTÁNDAR DEL LIBRO
Número Internacional Estándar del Libro 9789945224306
040 ## - FUENTE DE LA CATALOGACIÓN
Centro catalogador/agencia de origen DO-SdBNP
Lengua de catalogación spa
Centro/agencia transcriptor BNPHU
Normas de descripción rda
041 ## - CÓDIGO DE LENGUA
Código de lengua del texto/banda sonora o título independiente spa
082 #4 - NÚMERO DE LA CLASIFICACIÓN DECIMAL DEWEY
Número de clasificación xxx
Número de documento/Ítem B142p
Número de edición 22
100 1# - ENTRADA PRINCIPAL--NOMBRE DE PERSONA
Nombre de persona Báez Guerrero, José,
Fechas asociadas al nombre 1958-
Término indicativo de función/relación autor
Código de función/relación aut.
9 (RLIN) 17125
245 10 - MENCIÓN DE TÍTULO
Título Padre Nuestro /
Mención de responsabilidad, etc. José Báez Guerrero ; revisión, Patricia Delgado Veras ; diagramación, Alexandra Deschamps ; cuidado de edición, Sotolongo Armstrong.
250 ## - MENCIÓN DE EDICIÓN
Mención de edición Primera edición
264 #4 - PRODUCCIÓN, PUBLICACIÓN, DISTRIBUCIÓN, FABRICACIÓN Y COPYRIGHT
Producción, publicación, distribución, fabricación y copyright Santo Domingo, República Dominicana :
Nombre del de productor, editor, distribuidor, fabricante Arte Tuto
Fecha de producción, publicación, distribución, fabricación o copyright ©2025.
300 ## - DESCRIPCIÓN FÍSICA
Extensión 118 páginas :
Otras características físicas ilustraciones, mapas ;
Dimensiones 18 cm.
336 ## - TIPO DE CONTENIDO
Término de tipo de contenido texto
Código de tipo de contenido txt
Fuente rdacontent
337 ## - TIPO DE MEDIO
Nombre/término del tipo de medio sin mediación
Código del tipo de medio n
Fuente rdamedia
338 ## - TIPO DE SOPORTE
Nombre/término del tipo de soporte volumen
Código del tipo de soporte nc
Fuente rdacarrier
505 ## - NOTA DE CONTENIDO CON FORMATO
Nota de contenido con formato Confesión,9 -- Antes de comenzar,13 -- Mi iglesia, 21 -- Mi catolicismo,47 -- Orar y rezar,53 -- Oren así,59 -- “Padre nuestro”, 65 -- “que estas en Cielo ”, 71 -- “santificado sea tu Nombre”,77 -- “venga a nosotros tu Reino”, 83 -- “hágase tu voluntad”,87 -- “danos hoy nuestro pan de cada día”,93 -- “perdonas nuestras ofensas“,99 -- “no nos dejes caer en la tentación ”, 105 -- “y líbranos109 del mal”, 109 --
590 ## - NOTA LOCAL (RLIN)
Nota local Inventariado, 2025 /LP
700 1# - PUNTO DE ACCESO ADICIONAL--NOMBRE DE PERSONA
Nombre de persona Delgado Veras, Patricia,
Término indicativo de función/relación revisión
Código de función/relación re.
9 (RLIN) 88350
700 1# - PUNTO DE ACCESO ADICIONAL--NOMBRE DE PERSONA
Nombre de persona Deschamps, Alexandra,
Término indicativo de función/relación diagramador
Código de función/relación di.
9 (RLIN) 1503
700 1# - PUNTO DE ACCESO ADICIONAL--NOMBRE DE PERSONA
Nombre de persona Armstrong, Sotolongo
Término indicativo de función/relación editor
Código de función/relación ed.
9 (RLIN) 73435
910 ## - DATOS DE OPCIÓN DEL USUARIO (OCLC)
Datos de opción del usuario LP
942 ## - ELEMENTOS DE PUNTO DE ACCESO ADICIONAL (KOHA)
Fuente del sistema de clasificación o colocación Dewey Decimal Classification
Tipo de ítem Koha Libro
Holdings
Estado de retiro Estado de pérdida Fuente del sistema de clasificación o colocación Restricciones de uso No para préstamo Código de colección Localización permanente Ubicación/localización actual Ubicación en estantería Fecha de adquisición Fuente de adquisición Total de préstamos Signatura topográfica completa Código de barras Fecha visto por última vez Precio válido a partir de Tipo de ítem Koha Número de copia
    Dewey Decimal Classification Excluido de préstamo   Patrimonio Dominicano Biblioteca Nacional Pedro Henríquez Ureña Biblioteca Nacional Pedro Henríquez Ureña Depósito 23.05.2025 Depósito Legal   xxx B142p 2025-6557 14.07.2025 14.07.2025 Libro  
    Dewey Decimal Classification Excluido de préstamo   Patrimonio Dominicano Biblioteca Nacional Pedro Henríquez Ureña Biblioteca Nacional Pedro Henríquez Ureña Depósito 23.05.2025 Depósito Legal   xxx B142p 2025-6558 14.07.2025 14.07.2025 Libro e.2
    Dewey Decimal Classification Préstamo en sala   Dominicana de Servicio Biblioteca Nacional Pedro Henríquez Ureña Biblioteca Nacional Pedro Henríquez Ureña Depósito 23.05.2025 Depósito Legal   xxx B142p 2025-6559 14.07.2025 14.07.2025 Libro e.3
    Dewey Decimal Classification Préstamo en sala   Dominicana de Servicio Biblioteca Nacional Pedro Henríquez Ureña Biblioteca Nacional Pedro Henríquez Ureña En catalogación 02.09.2025     BNPHU DS B142p 2025-9307 02.09.2025 02.09.2025 Libro e.4
    Dewey Decimal Classification Préstamo en sala   Dominicana de Servicio Biblioteca Nacional Pedro Henríquez Ureña Biblioteca Nacional Pedro Henríquez Ureña En catalogación 02.09.2025 donación   BNPHU DS B142p 2025-9308 02.09.2025 02.09.2025 Libro e.5

Powered by Koha